000
00289nam a2200121Ia 4500
008
220204s9999 xx 000 0 und d
082
_a
541.22
_b
BHA
100
_a
Bhatt, B I
245
0
_a
Stoichiometry
260
_a
New Delhi
_b
Tata McGraw Hill
_c
1976
700
_a
Vora, S M
942
_c
BK
999
_c
30529
_d
30529